000 01278cam a22003737a 4500
001 000070136
003 CHAP
005 20220329141405.0
008 971013s1988 r 00010 d
010 _a67407
011 _a68379
035 _a77851
040 _cCHAP
082 0 4 _a595.4203
_bD5
245 0 0 _aDiccionario de Acarología.
260 _aMontecillo, Méx. :
_bCP. Centro de Entomología y Acaralogía,
_c1988.
300 _a115 p. :
_b: ilus.
590 _aBATCH-UPD
_b10
_c20130110
_lUCH01
_h0016
590 _aBATCH-UPD
_b10
_c20130110
_lUCH01
_h0727
590 _aBATCH-UPD
_b10
_c20130110
_lUCH01
_h2332
590 _aBATCH-UPD
_b10
_c20130409
_lUCH01
_h1955
590 _aBATCH-UPD
_b10
_c20130410
_lUCH01
_h0411
590 _aBATCH-UPD
_b10
_c20130914
_lUCH01
_h1006
590 _aCONVERSION
_b10
_c20130109
_lUCH01
_h1337
590 _aE5995AHE
_b05
_c20150225
_lUCH01
_h0924
650 1 4 _aÁcaros
_xDiccionarios.
_982379
700 0 _aLeyva Vázquez, Jorge Luis.
_966595
700 0 _aLópez Collado, José I.
_967784
710 0 _aColegio de Postgraduados. Chapingo, Méx. Centro de Entomología y Acarología.
_925077
901 _aBK
942 _cLIBRO
942 _n0
949 _a595.4203 D5
_bBC
_cLIBRO
_d33724000497111
_eLIBRO
_f2c. D A. 73316-17
_i77851
_si
999 _c67407
_d67407